[Event "DEN-chT 1920 58th"]
[Site "Denmark"]
[Date "2020.01.11"]
[Round "4.4"]
[White "Sahl, Bjarke"]
[Black "Brunello, Sabino"]
[Result "0-1"]
[WhiteElo "2326"]
[BlackElo "2549"]
[PlyCount "82"]
[EventDate "2019.11.23"]
[EventType "team-tourn"]
[EventRounds "9"]
[EventCountry "DEN"]
[SourceTitle "CBM 194 Extra"]
[Source "ChessBase"]
[SourceDate "2020.03.31"]
[SourceVersion "1"]
[SourceVersionDate "2020.03.31"]
[SourceQuality "1"]
[WhiteTeam "Ballerup"]
[BlackTeam "Koge Xtracon"]
[WhiteTeamCountry "DEN"]
[BlackTeamCountry "DEN"]

1. d4 Nf6 2. c4 e6 3. Nc3 Bb4 4. Nf3 b6 5. g3 Ba6 6. Qa4 c5 7. a3 Bxc3+ 8. bxc3 Qc8 9. Bg2 0-0 10. 0-0 cxd4 11. Nxd4 Bb7 12. Bxb7 Qxb7 13. Rd1 Rc8 14. Nf3 Qe4 15. Nd4 Nc6 16. f3 Qe5 17. Qb5 Qxb5 18. cxb5 Na5 19. Bd2 Rc4 20. e4 d5 21. e5 Nd7 22. f4 Nc5 23. Rab1 Ne4 24. f5 Re8 25. fxe6 fxe6 26. Ne2 g5 27. Be3 Kf7 28. Rb4 Kg6 29. Bd4 Rc7 30. g4 Nc4 31. a4 Ncd2 32. Kg2 Rf8 33. Ng3 Nf3 34. Nxe4 dxe4 35. Rb2 Rf4 36. h3 h5 37. gxh5+ Kxh5 38. Re2 g4 39. hxg4+ Rxg4+ 40. Kf2 Rf7 41. Ke3 Rg3 0-1

[Event "Titled Tuesday intern op 7th Januar"]
[Site "Chess.com INT"]
[Date "2020.01.07"]
[Round "3"]
[White "Sahl, Bjarke"]
[Black "Dobrikov, Marco"]
[Result "0-1"]
[WhiteElo "2328"]
[BlackElo "2291"]
[PlyCount "96"]
[EventDate "2020.01.07"]
[EventType "swiss (blitz)"]
[EventRounds "10"]
[EventCountry "USA"]
[SourceTitle "EXT 2021"]
[Source "ChessBase"]
[SourceDate "2020.10.23"]
[SourceVersion "1"]
[SourceVersionDate "2020.10.23"]
[SourceQuality "1"]

1. d4 Nf6 2. c4 e6 3. Nf3 b6 4. g3 Bb7 5. Bg2 c5 6. d5 exd5 7. Nh4 d6 8. Nc3 g6 9. 0-0 Bg7 10. a4 0-0 11. a5 Nc6 12. a6 Bc8 13. Nxd5 Nxd5 14. Bxd5 Bd7 15. Ng2 Rc8 16. Ne3 Be6 17. Ra3 Nb4 18. Bb7 Rc7 19. Nd5 Bxd5 20. Bxd5 Re7 21. Bf3 Rfe8 22. e3 Qc8 23. Bb7 Qe6 24. Qe2 Rd8 25. Rd1 d5 26. cxd5 Nxd5 27. Rad3 Red7 28. R1d2 Nb4 29. Rxd7 Rxd7 30. Qd1 Rxd2 31. Qxd2 Bf6 32. h4 h5 33. Qe2 Kg7 34. Kg2 Qb3 35. Bf3 Nd3 36. Bd2 Nxb2 37. e4 Nc4 38. Bf4 Ne5 39. Bxe5 Bxe5 40. Qd1 c4 41. Qxb3 cxb3 42. Bd1 b2 43. Bc2 Kf6 44. Bb1 Bc3 45. Kf3 Ke5 46. Ke3 b5 47. f4+ Kd6 48. e5+ Kc5 0-1